000 00429nam a2200181Ia 4500
001 16420
005 20260306170308.0
008 260306t2011||||xx |||||||||||||| ||und||
041 _aESP
082 _a348.6
_bB79
100 _aBoza Pro, Guillermo
_eAUT
245 0 _aLecciones de derecho del trabajo
260 _c2011
300 _a210 páginas :
_c24 cm.
650 _aGEN
654 _aCDE
942 _cLIB
_dJUS
_fJUS
_2ddc
_n
999 _c16420
_d16420